| 000 | 00624nam a2200193 a 4500 | ||
|---|---|---|---|
| 001 | 000022340 | ||
| 005 | 20240502105558.0 | ||
| 008 | 100930s1994 dr a 001 0 spa d | ||
| 040 |
_aDO-SdBNP _bspa _cBNPHU |
||
| 100 | 1 |
_aDíaz Grullón, Virgilio, _d1924-2001 _9501 |
|
| 245 | 1 | 3 |
_aEl escritor ante su obra / _cVirgilio Díaz Grullón. |
| 246 | 1 | 4 | _aEl escritor ante su obra |
| 250 | _a2a ed. | ||
| 260 |
_aSanto Domingo : _b[Universidad Central del Este (UCE)], _c1994. |
||
| 300 |
_a70 P. : _bil. ; _c23 cm. |
||
| 490 | 1 |
_aAntología de nuestra voz _vno. 26 |
|
| 830 | 0 |
_aAntología de nuestra voz _923130 |
|
| 049 | _aBNPD | ||
| 999 |
_c21838 _d21838 |
||